00721nam a2200229Ia 4500003000900000008004100009040001300050040001300063041000800076245004600084250000900130260003100139260000900170300001100179300001200190490000600202600002400208710005500232942000700287999001700294952018000311IT-RoPAU120407s9999 xx 000 0 und d aIT-RoPAU cIT-RoPAU afra aL’homme dans la société en mutation aLyon aChronique Social de France c1969 a276 p. c21,5 cm v1 a1. Uomo e società aSemaines sociales de France, 58° , Orléans 1969 cBK c31190d31190 00102ddc406308_70000000000000071aPAULUSbPAULUSd2012-04-11l0o308.7r2012-04-11 00:00:00w2012-04-11yBKzInserito da: In data: n.d. fondo: Via A.Severo 56 Progr:17421